000 00852nab a2200265 u 4500
001 21414
003 HDC
007 cr bn ---aaaaa
008 210308c20100714xx dr|noo 0 a eng d
040 _aHDC
100 _aDoda, Bob
_eauthor
_918954
245 0 _aUSA: Halal facility awaits USDA approval/ by
_cBob Doda
260 _a[No place] :
_b[publisher not identified],
_c2010
300 _a1 online resource
336 _atext
_2rdacontent
337 _acomputer
_2rdamedia
338 _aonline resource
_2rdacarrier
650 _aHalal food
_950
650 _ahalal market
_9582
710 _aHalal Focus
856 _zRequest full-text at [email protected]
942 _2lcc
942 _cNEWS
942 _kNWSO 006544
999 _c18730
_d18730